| 000 | 00426nam a22001697a 4500 | ||
|---|---|---|---|
| 003 | NUST - PNEC | ||
| 005 | 20170116180949.0 | ||
| 008 | 150908b xxu||||| |||| 00| 0 eng d | ||
| 020 | _a- | ||
| 040 | _cLIBRARY | ||
| 082 | _a623.81 STO | ||
| 100 |
_99069 _aStoyoe |
||
| 245 |
_aTheory and numerical reed's naval architecture _cStoyoe |
||
| 260 | _cc.1986 | ||
| 650 |
_99072 _aNumericals, Architecture _xME |
||
| 942 |
_2ddc _cBK |
||
| 999 |
_c66372 _d66372 |
||